Famous mysteries of modern times / (Record no. 155079)

MARC details
000 -LEADER
fixed length control field 00595nam a22002177a 4500
003 - CONTROL NUMBER IDENTIFIER
control field dpl
005 - DATE AND TIME OF LATEST TRANSACTION
control field 20180728164039.0
008 - FIXED-LENGTH DATA ELEMENTS--GENERAL INFORMATION
fixed length control field 180728b xxu||||| |||| 00| 0 eng d
010 ## - LIBRARY OF CONGRESS CONTROL NUMBER
LC control number 842149
016 ## - NATIONAL BIBLIOGRAPHIC AGENCY CONTROL NUMBER
Record control number 842149
035 ## - SYSTEM CONTROL NUMBER
System control number 842149
040 ## - CATALOGING SOURCE
Transcribing agency 0
082 ## - DEWEY DECIMAL CLASSIFICATION NUMBER
Classification number S
100 ## - MAIN ENTRY--PERSONAL NAME
Personal name Gribble Leonard
245 ## - TITLE STATEMENT
Title Famous mysteries of modern times /
Statement of responsibility, etc by Leonard gribble
260 ## - PUBLICATION, DISTRIBUTION, ETC. (IMPRINT)
Place of publication, distribution, etc London
Name of publisher, distributor, etc Frederick muller limited
Date of publication, distribution, etc 1976
300 ## - PHYSICAL DESCRIPTION
Extent 150p.
Dimensions 24 cm. (Hb)
650 ## - SUBJECT ADDED ENTRY--TOPICAL TERM
Topical term or geographic name as entry element Forced migration
Geographic subdivision India
650 ## - SUBJECT ADDED ENTRY--TOPICAL TERM
Topical term or geographic name as entry element Rural poor
General subdivision Rehabilitation
Geographic subdivision India
942 ## - ADDED ENTRY ELEMENTS (KOHA)
Institution code [OBSOLETE] dpl
Koha item type English Books
Call number prefix S/ GRI
Source of classification or shelving scheme Dewey Decimal Classification
Classification part S
Call number suffix GRI
Holdings
Withdrawn status Lost status Source of classification or shelving scheme Damaged status Not for loan Collection code Home library Current library Date acquired Source of acquisition Cost, normal purchase price Total Checkouts Full call number Barcode Date last seen Cost, replacement price Price effective from Koha item type
    Dewey Decimal Classification     Fiction Shahdara Branch Shahdara Branch 28/07/2018 BPPD/PUB 0.00   S GRI 842149 28/07/2018 0.00 28/07/2018 English Books

© Delhi Public Library
Hit Counter
free hit counter